Countries by People #3 - Statistics

General Stats
  • This quiz has been taken 60 times
  • The average score is 11 of 20
Answer Stats
Picture Answer % Correct
Canada
98%
Cuba
94%
Mexico
88%
Mongolia
86%
Venezuela
84%
Colombia
80%
Vietnam
78%
Uruguay
65%
Turkey
51%
Lithuania
39%
New Zealand
39%
Latvia
37%
Hungary
35%
Ireland
33%
Belarus
31%
Romania
31%
Iceland
27%
Monaco
24%
Trinidad and Tobago
22%
Costa Rica
18%
No matching quizzes found
Score Distribution
Percent of People with Each Score
Percentile by Number Answered
Your Score History
You have not taken this quiz